00632nam a2200193Ia 4500008004100000020001500041082001800056100002200074245004300096250000800139260003400147300003000181500001900211600003400230650001500264942000700279952013700286999001500423240925s9999 xx 000 0 und d a007125255X a621.38456 LEE aLee, William C.Y. 0aWireless & Cellular Telecommunications a3rd aBoston:bMC Graw-Hillc,2006. axiii,297p.bNAfPhotocopy aIncludes Index aTelecommunication Engineering aTechnology cBK 001040708ELaUITUbUITUd2008-01-03eParamount Book Pvt Ltdg503.00l0o621.38456 LEEpQ7268r2024-09-25 07:14:32w2024-09-25yBK c9767d9767